Financial accounting and reporting : (Record no. 340)

000 -LEADER
fixed length control field 01235cam a2200349 a 4500
001 - CONTROL NUMBER
control field 16737656
003 - CONTROL NUMBER IDENTIFIER
control field OSt
005 - DATE AND TIME OF LATEST TRANSACTION
control field 20140116120825.0
008 - FIXED-LENGTH DATA ELEMENTS--GENERAL INFORMATION
fixed length control field 110415s2010 enka b 001 0 eng d
010 ## - LIBRARY OF CONGRESS CONTROL NUMBER
LC control number 2011380122
020 ## - INTERNATIONAL STANDARD BOOK NUMBER
International Standard Book Number 9781408021132
035 ## - SYSTEM CONTROL NUMBER
System control number (OCoLC)ocn608167938
040 ## - CATALOGING SOURCE
Original cataloging agency YDXCP
Transcribing agency YDXCP
Modifying agency CDX
-- HEBIS
-- TXA
-- DLC
042 ## - AUTHENTICATION CODE
Authentication code lccopycat
050 00 - LIBRARY OF CONGRESS CALL NUMBER
Classification number HF5686.C7S76 2010
100 1# - MAIN ENTRY--PERSONAL NAME
Personal name Stolowy, Hervé.
245 10 - TITLE STATEMENT
Title Financial accounting and reporting :
Remainder of title a global perspective /
Statement of responsibility, etc Herve Stolowy, Michel J. Lebas and Yuan Ding.
250 ## - EDITION STATEMENT
Edition statement 3rd ed.
260 ## - PUBLICATION, DISTRIBUTION, ETC. (IMPRINT)
Place of publication, distribution, etc Australia :
Name of publisher, distributor, etc South-Western Cengage Learning,
Date of publication, distribution, etc 2010.
300 ## - PHYSICAL DESCRIPTION
Extent xxix, 786 p. :
Other physical details ill.
504 ## - BIBLIOGRAPHY, ETC. NOTE
Bibliography, etc Includes bibliographical references and index.
505 ## - FORMATTED CONTENTS NOTE
Formatted contents note Introduction to financial accounting-- Major accounting topics-- Financial statement analysis
650 #0 - SUBJECT ADDED ENTRY--TOPICAL TERM
Topical term or geographic name as entry element Corporations
General subdivision Accounting.
650 #0 - SUBJECT ADDED ENTRY--TOPICAL TERM
Topical term or geographic name as entry element Corporation reports.
650 #0 - SUBJECT ADDED ENTRY--TOPICAL TERM
Topical term or geographic name as entry element Financial statements.
650 07 - SUBJECT ADDED ENTRY--TOPICAL TERM
Topical term or geographic name as entry element International Financial Reporting Standards.
Source of heading or term swd
700 1# - ADDED ENTRY--PERSONAL NAME
Personal name Lebas, Michel.
700 1# - ADDED ENTRY--PERSONAL NAME
Personal name Ding, Yuan.
906 ## - LOCAL DATA ELEMENT F, LDF (RLIN)
a 7
b cbc
c copycat
d 2
e ncip
f 20
g y-gencatlg
942 ## - ADDED ENTRY ELEMENTS (KOHA)
Source of classification or shelving scheme
Koha item type Book
Holdings
Withdrawn status Lost status Source of classification or shelving scheme Damaged status Not for loan Home library Current library Date acquired Source of acquisition Total Checkouts Full call number Barcode Date last seen Date checked out Copy number Price effective from Koha item type Total Renewals
          Riara University Library Riara University Library 17/10/2011 Purchasing 1 HF5686.C7S76 2010 2170/11 03/03/2014 03/03/2014 C.1 17/10/2011 Book  
          Riara University Library Riara University Library 17/10/2011 Purchasing 3 HF5686.C7S76 2010 2171/11 16/04/2014 24/03/2014 C.2 17/10/2011 Book 2
          Riara University Library Riara University Library 17/10/2011 Purchasing 2 HF5686.C7S76 2010 2172/11 26/07/2017 14/06/2017 C.3 17/10/2011 Book  
          Riara University Library Riara University Library 26/10/2011 Purchase 1 HF5686.C7S76 2010 1865/11 25/09/2015 08/09/2015 C.4 26/10/2011 Book  
          Riara University Library Riara University Library 26/10/2011 Purchase   HF5686.C7S76 2010 1866/11 26/10/2011   C.5 26/10/2011 Book  
          Riara University Library Riara University Library 26/10/2011 Purchase 4 HF5686.C7S76 2010 1864/11 24/05/2022 13/01/2022 C.6 26/10/2011 Book  

Riara University Library,
P.O. Box 49940-00100,
Nairobi, Kenya.